| 000 | 00472nam a22001817a 4500 | ||
|---|---|---|---|
| 003 | MPLRDC | ||
| 005 | 20220104113617.0 | ||
| 008 | 210129b ||||| |||| 00| 0 eng d | ||
| 020 | _a962-17-0669-6 | ||
| 082 | _a857.62 RBCX v.11 | ||
| 100 | _a赤川次郎 | ||
| 245 |
_a登山列车 _c叶蕙译 |
||
| 260 |
_a _b博益出版集团有限公司 _c1989 |
||
| 300 | _b平 | ||
| 490 | _a博益日本畅销小说精选 | ||
| 650 | _a推理小说 | ||
| 942 |
_cBK _o857.62 RBCX v.11 |
||
| 999 |
_c969 _d959 |
||